Normal view
MARC view
- Seminario introducción a la investigación de personas jóvenes y adultas EPJA
Entry Nombre de Reunión
001 - NÚMERO DE CONTROL
- campo de control: 29995
003 - IDENTIFICADOR DE NÚMERO DE CONTROL
- campo de control: UPN
005 - FECHA Y HORA DE LA ÚLTIMA TRANSACCIÓN
- campo de control: 20210219194409.0
008 - DATOS DE LONGITUD FIJA
- campo de control de longitud fija: nabaccnnaabn|||||||||| b |nc|||||d
035 ## - NÚMERO DE CONTROL
- Número de control: UPN11000002101
040 ## - FUENTE DE CATALOGACIÓN
- Lenguaje de catalogación: SPA
- Agencia transcribió: UPN
111 2# - ENCABEZAMIENTO - NOMBRE DE REUNIÓN
- Nombre de reunión o de jurisdicción: Seminario introducción a la investigación de personas jóvenes y adultas EPJA
670 ## - FUENTE EN LA QUE SE LOCALIZARON DATOS
- Cita de la fuente: T
- Información localizada: Conociendo la realidad de la EPJA en nuestros estados
902 ## - CATALOGADOR
- Catalogador: DAA/031008
